00911nam a22001937a 4500003000900000005001700009008004100026040001300067100003400080245006400114250000600178260003300184300002000217490003000237520031900267942001200586999001900598952010000617IT-RoPau20220918181219.0131216b xxu||||| |||| 00| 0 eng d cIT-RoPau aPérez, José Antonio95586 aBeato Giacomo AlberionebUna luce per comunicare il Vangelo aI aTorinobEditrice Velarc2013 a48 pp.c20,5 cm aEditrice Velar - Elledici aIndice Presentazione Introduzione Le prime luci dell'alba e la notte santa della luce Il Signore non spreca la luce Verso mezzogiorno splendente L'urgenza di illuminare Irradiare Gesù Cristo Maestro, Via, Verità e Vita Verso la luce eterna, per continuare a illuminare il mondo Un'eredità luminosa Preghiera 2ddccBK c104225d104225 00102ddc406P_B271aPAULUSbPAULUSd2013-12-16l0oP B2r2013-12-16 00:00:00w2013-12-16yBK